00517nam a2200169Ia 450000500170000000800410001702000150005808200150007310000160008824500550010426000450015930000150020465000100021994200060022995200970023599900150033220240614024859.0240331s9999 xx 000 0 und d a0803935765 bBUZa362.8 aBuzawa, E.S 0aDomestic violence :bthe criminal justice response aCaliforniabSAGE Publications, Incc1990 a157 p .,  aCrime cL 001040708LaWERCLbWERCLcSSCd2024-03-31l0o 362.8 BUZp2654r2024-03-31w2024-03-31yL c3214d3214